| 000 | 004210000a22001810004500 | ||
|---|---|---|---|
| 003 | MACL | ||
| 005 | 20160129140626.0 | ||
| 008 | 160129b xxu||||| |||| 00| 0 eng d | ||
| 040 |
_aMACL _cMACL |
||
| 041 | _aEnglish | ||
| 082 | _a823/JAF | ||
| 100 |
_aJaffe, Rona _928550 |
||
| 245 | _aThe Cousins | ||
| 260 |
_bMira Books _c1997 _aNew Zealand |
||
| 350 | _a90 | ||
| 650 |
_aFiction _935328 |
||
| 942 |
_cBK _k823/Jaf _2ddc |
||
| 999 |
_c32131 _d32131 |
||